Object detection in autonomous driving

Guardado en:
Detalles Bibliográficos
Autor principal: Fech, Branislav (Autor)
Otros Autores: Masaryková, Nina (Orientador)
Formato: Manuscrito Libro
Lenguaje:eslovaco
inglés
Publicado: 2025
Materias:
Acceso en línea:http://is.stuba.sk/zp/portal_zp.pl?podrobnosti=175257
Etiquetas: Agregar Etiqueta
Sin Etiquetas, Sea el primero en etiquetar este registro!

MARC

LEADER 00000ntm a22000003a 4500
001 stuzp102878
003 SK-STU
005 20250614211651.4
007 ta
008 150427s2015----xo-----f-mn---000-0-slo-d
040 |a STU  |b slo 
041 0 |a eng 
100 1 |a Fech, Branislav  |u 070400  |4 aut  |U FIIT Fakulta informatiky a informačných technológií  |T FIIT Ústav počítačového inžinierstva a aplikovanej informatiky  |X 120780  |U I400  |Y 672  |7 120780 
242 0 1 |a Detekcia objektov v doméne autonómnej dopravy  |y slo 
245 1 0 |a Object detection in autonomous driving 
260 |c 2025 
650 4 |a Dataset augmentation  |2 eng 
650 4 |a Sensor fusion  |2 eng 
650 4 |a Camera  |2 eng 
650 4 |a 4D Radar  |2 eng 
650 4 |a Neural networks  |2 eng 
650 4 |a LiDAR  |2 eng 
650 4 |a Object detection  |2 eng 
650 4 |a Autonomous vehicles  |2 eng 
650 4 |a Adverse weather  |2 eng 
650 4 |a Computer vision  |2 eng 
650 4 |a 4D radar  |2 slo 
650 4 |a Počítačové videnie  |2 slo 
650 4 |a Kamera  |2 slo 
650 4 |a Fúzia senzorov  |2 slo 
650 4 |a Autonómne vozidlá  |2 slo 
650 4 |a Detekcia objektov  |2 slo 
650 4 |a Neurónové siete  |2 slo 
650 4 |a Augmentácia datasetu  |2 slo 
650 4 |a LiDAR  |2 slo 
650 4 |a Nepriaznivé počasie  |2 slo 
700 1 |a Masaryková, Nina  |u 070400  |k Z3  |4 ths  |U FIIT Fakulta informatiky a informačných technológií  |T FIIT Ústav počítačového inžinierstva a aplikovanej informatiky  |X 96959  |U I400  |Y 672  |7 96959 
856 4 |u http://is.stuba.sk/zp/portal_zp.pl?podrobnosti=175257